000 00448nam a2200169Ia 4500
001 34629
008 140418s9999 xx 000 0 und d
020 _a1860641482
040 _cPK-LaUMT
082 _a 291
_bFIS-E
100 _aFisher, Mary Pat
245 3 _aAn encyclopedia of the world's faiths living religions
_cFisher, Mary Pat
260 _aLondon,UK:
_bI. B. Tauris Publishers,
_c1997
300 _a464 p.
546 _aEN
942 _cBK
999 _c34147
_d34147